000 005670000a22002050004500
999 _c48774
_d48774
001 1616
003 CO-MdFUSB
005 20180517142404.0
008 180517b xxu||||| |||| 00| 0 eng d
020 _a978-958-30-0013-3
040 _cCO-MdBIC
082 0 4 _a796 P41ba
100 1 _aPerea Rosero, Túcides
245 1 0 _aBaloncesto / Túcides Perea Rosero ; ilustraciones Julio César Forero
250 _a12a ed / Gabriel Silva Rincón
260 _aBogotá : Panamericana Editorial
300 _a192 P.
650 1 4 _aBaloncesto - Reglamentos
942 _cLGB